[Event "21ème open inter de La Réunion"]
[Site "Salle des fêtes de Bellepierr"]
[Date "2019.10.20"]
[Round "1.1"]
[White "Gimenez Martinez, Alberto"]
[Black "Torregrosa, Antoine"]
[Result "1-0"]
[WhiteElo "2225"]
[BlackElo "1501"]
[PlyCount "43"]
[EventDate "2019.??.??"]

1. e4 c5 2. Nf3 Nc6 3. d4 cxd4 4. Nxd4 Nf6 5. Nc3 g6 6. Nxc6 bxc6 7. e5 Nh5 8.
Be2 Ng7 9. O-O Ne6 10. Be3 Bg7 11. f4 Qc7 12. Ne4 O-O 13. Bf3 Rb8 14. Rb1 Bh6
15. g3 Ng7 16. Bc5 Re8 17. Kh1 Nf5 18. Qe1 d6 19. exd6 Qb7 20. dxe7 Bg7 21. g4
Qd7 22. gxf5 1-0

[Event "21ème open inter de La Réunion"]
[Site "Salle des fêtes de Bellepierr"]
[Date "2019.10.20"]
[Round "1.2"]
[White "Weber, Richard"]
[Black "Hercules, Benjamin Vincent"]
[Result "0-1"]
[WhiteElo "1486"]
[BlackElo "2182"]
[PlyCount "66"]
[EventDate "2019.??.??"]

1. h3 d5 2. e3 e5 3. Nf3 e4 4. Nd4 c5 5. Bb5+ Ke7 6. Nb3 c4 7. Nd4 a6 8. Ba4 b5
9. Bxb5 axb5 10. Nxb5 f5 11. b3 cxb3 12. Ba3+ Kf7 13. Bxf8 b2 14. N1c3 bxa1=Q
15. Qxa1 Kxf8 16. Qb2 Nc6 17. Nd4 Nxd4 18. Qb4+ Ne7 19. Qxd4 h6 20. O-O Rb8 21.
Ne2 Kg8 22. c4 Kh7 23. c5 Ba6 24. Nf4 Nc6 25. Qa1 Bxf1 26. Kxf1 d4 27. g3 Qd7
28. Qd1 Rb2 29. Qh5 Ne5 30. exd4 g6 31. Qd1 Qxd4 32. Nh5 Qd3+ 33. Kg2 Qf3+ 0-1

[Event "21ème open inter de La Réunion"]
[Site "Salle des fêtes de Bellepierr"]
[Date "2019.10.20"]
[Round "1.3"]
[White "Rodier, David"]
[Black "Grondin, Marine"]
[Result "1-0"]
[WhiteElo "2161"]
[BlackElo "1478"]
[PlyCount "63"]
[EventDate "2019.??.??"]

1. d4 e6 2. Nf3 Nf6 3. c4 b6 4. g3 Bb7 5. Bg2 d5 6. cxd5 exd5 7. O-O Bd6 8. Nh4
Bc8 9. Nc3 c6 10. Qc2 Be6 11. Nf5 Bxf5 12. Qxf5 Nbd7 13. e4 dxe4 14. Nxe4 Qc7
15. Nxd6+ Qxd6 16. Re1+ Kd8 17. Bf4 Qxd4 18. Bxc6 Rc8 19. Bxd7 Nxd7 20. Rad1
Qa4 21. Qxf7 Rc4 22. Rxd7+ Qxd7 23. Qxc4 h6 24. Re3 Qb7 25. Qd4+ Kc8 26. Rc3+
Qc6 27. Rxc6+ Kb7 28. Qd7+ Ka6 29. Rc4 b5 30. Ra4+ bxa4 31. Qc6+ Ka5 32. Bd2#
1-0

[Event "21ème open inter de La Réunion"]
[Site "Salle des fêtes de Bellepierr"]
[Date "2019.10.20"]
[Round "1.4"]
[White "Folio, Raphael"]
[Black "Ramasindraibe, Girard"]
[Result "0-1"]
[WhiteElo "1440"]
[BlackElo "2150"]
[PlyCount "90"]
[EventDate "2019.??.??"]

1. d4 Nf6 2. Nf3 d5 3. e3 e6 4. Be2 Bd6 5. b3 O-O 6. Bb2 Nbd7 7. Nbd2 Qe7 8.
O-O a5 9. c4 c6 10. c5 Bc7 11. Rc1 e5 12. dxe5 Ng4 13. Bd4 Ngxe5 14. Nxe5 Nxe5
15. Bxe5 Qxe5 16. Nf3 Qh5 17. g3 Bh3 18. Re1 Rae8 19. Qc2 Bc8 20. Rcd1 f5 21.
Rd4 f4 22. e4 fxg3 23. fxg3 Rxf3 24. Rd3 Bg4 25. Bxf3 Bxf3 26. Rf1 Bxe4 27. Qc3
Bxd3 28. Qxd3 Re2 29. h3 Qe5 30. Rf3 Rxa2 31. Qf1 g6 32. Rf8+ Kg7 33. Rf7+ Kh6
34. Qc1+ g5 35. Rxh7+ Kxh7 36. Qb1+ Kg7 37. Qxa2 Qxg3+ 38. Qg2 Kg6 39. Kf1 Qxb3
40. Qg4 Qc4+ 41. Qxc4 dxc4 42. Ke2 Be5 43. Kf3 a4 44. Ke3 a3 45. Ke4 Kf6 0-1

[Event "21ème open inter de La Réunion"]
[Site "Salle des fêtes de Bellepierr"]
[Date "2019.10.20"]
[Round "1.5"]
[White "Testud, Philippe"]
[Black "Mablouke, Ulrich"]
[Result "1-0"]
[WhiteElo "2140"]
[BlackElo "1433"]
[PlyCount "87"]
[EventDate "2019.??.??"]

1. d4 d5 2. Bf4 f5 3. Nf3 Nd7 4. c4 e6 5. Nc3 c6 6. e3 Ngf6 7. h3 Ne4 8. Rc1
Ndf6 9. a3 Be7 10. Bd3 Bd6 11. O-O Nxc3 12. Rxc3 Ne4 13. Bxe4 fxe4 14. Ne5 O-O
15. b4 a6 16. Qb3 Bd7 17. Rfc1 Qe8 18. a4 Kh8 19. Qb2 Kg8 20. b5 a5 21. Nxd7
Qxd7 22. Bxd6 Qxd6 23. cxd5 cxd5 24. Rc7 Qb6 25. Qa3 Rae8 26. Qc5 Qxc5 27.
R1xc5 Rb8 28. b6 Rf7 29. Rxf7 Kxf7 30. Rxa5 Ke7 31. Rc5 Rd8 32. f3 exf3 33.
gxf3 Kd6 34. Rc7 Rd7 35. Rc8 e5 36. dxe5+ Kxe5 37. Rc7 Kd6 38. Rxd7+ Kxd7 39.
a5 Kc6 40. e4 d4 41. Kf2 Kb5 42. e5 Kc6 43. e6 Kd5 44. e7 1-0

[Event "21ème open inter de La Réunion"]
[Site "Salle des fêtes de Bellepierr"]
[Date "2019.10.20"]
[Round "1.6"]
[White "Fondrat, Thierry"]
[Black "Lorans, Sylvain"]
[Result "0-1"]
[WhiteElo "1358"]
[BlackElo "2116"]
[PlyCount "52"]
[EventDate "2019.??.??"]

1. d4 Nf6 2. c4 e6 3. Nc3 Bb4 4. e3 b6 5. Bd3 Bb7 6. Nf3 O-O 7. O-O d5 8. a3
Bxc3 9. bxc3 c5 10. Re1 Qc7 11. cxd5 exd5 12. Qc2 c4 13. Be2 Nc6 14. Rb1 Na5
15. Bd1 Rfe8 16. Qd2 Bc8 17. Qc2 Ne4 18. h3 Qe7 19. Bb2 Bf5 20. Qc1 Rac8 21.
Bc2 Qf6 22. Rf1 Bxh3 23. gxh3 Qxf3 24. Qd1 Qxh3 25. Qe2 Rc6 26. Bd1 Rg6+ 0-1

[Event "21ème open inter de La Réunion"]
[Site "Salle des fêtes de Bellepierr"]
[Date "2019.10.20"]
[Round "1.7"]
[White "Roblet, Charles"]
[Black "Vaast, Jean"]
[Result "1-0"]
[WhiteElo "2063"]
[BlackElo "1355"]
[PlyCount "77"]
[EventDate "2019.??.??"]

1. e4 e6 2. d4 d5 3. e5 c5 4. c3 Qb6 5. Nf3 Nc6 6. a3 Bd7 7. Be2 cxd4 8. cxd4
a6 9. O-O Nge7 10. b4 Ng6 11. Nc3 Qd8 12. Bg5 Be7 13. Bxe7 Ngxe7 14. Bd3 Ng6
15. g3 O-O 16. h4 Nge7 17. Bxh7+ Kh8 18. Bc2 g6 19. Qd2 Kg7 20. Kg2 Rh8 21.
Rad1 Qf8 22. Qg5 f6 23. exf6+ Qxf6 24. Rfe1 Qxg5 25. Nxg5 Kf6 26. Na4 Rad8 27.
Nc5 e5 28. dxe5+ Nxe5 29. Rxe5 Kxe5 30. Nf7+ Kf6 31. Nxh8 Bc6 32. Nxg6 Kf7 33.
Nxe7 Kxe7 34. Rd4 Kd6 35. f4 b6 36. Nd3 Re8 37. Ne5 Bb7 38. Bf5 Rc8 39. Bxc8
1-0

[Event "21ème open inter de La Réunion"]
[Site "Salle des fêtes de Bellepierr"]
[Date "2019.10.20"]
[Round "1.8"]
[White "Ova, Roberto"]
[Black "Quere, Alexandre"]
[Result "1/2-1/2"]
[WhiteElo "1328"]
[BlackElo "2042"]
[PlyCount "54"]
[EventDate "2019.??.??"]

1. d4 Nf6 2. c4 g6 3. Nc3 Bg7 4. Nf3 O-O 5. e4 d6 6. Be2 Na6 7. O-O e5 8. dxe5
dxe5 9. b3 Qe7 10. Bb2 c6 11. a3 Nh5 12. b4 Nf4 13. Qc2 Nc7 14. Rfd1 Bg4 15. h3
Nxe2+ 16. Qxe2 Bxf3 17. Qxf3 Ne6 18. Ne2 Rad8 19. c5 f5 20. exf5 gxf5 21. Qb3
Kh8 22. Rxd8 Rxd8 23. Rd1 Ng5 24. f3 Rxd1+ 25. Qxd1 e4 26. Bxg7+ Kxg7 27. Ng3
Qe6 1/2-1/2

[Event "21ème open inter de La Réunion"]
[Site "Salle des fêtes de Bellepierr"]
[Date "2019.10.20"]
[Round "1.9"]
[White "Hamon, Christian"]
[Black "Eric Andriana, Fitia"]
[Result "1-0"]
[WhiteElo "2001"]
[BlackElo "1325"]
[PlyCount "75"]
[EventDate "2019.??.??"]

1. Nf3 Nc6 2. d4 d5 3. g3 Nf6 4. Bg2 e6 5. O-O Bd6 6. c4 b6 7. Nc3 O-O 8. cxd5
exd5 9. Bg5 Be7 10. Bxf6 Bxf6 11. Nxd5 Qxd5 12. Ne5 Qd6 13. Nxc6 Ba6 14. Re1
Bb5 15. Rc1 Rfe8 16. a4 Ba6 17. e4 Bg5 18. f4 Bh6 19. e5 Qf8 20. b4 Kh8 21. Qc2
Bb7 22. Qc4 g5 23. f5 g4 24. Rcd1 Qg8 25. f6 Bf8 26. Bd5 Qg5 27. Bxf7 Bxc6 28.
Qxc6 Red8 29. Qc4 c5 30. bxc5 Bxc5 31. Bd5 Rac8 32. dxc5 Rxc5 33. Qe4 h5 34. f7
Kg7 35. Rd3 Kf8 36. Red1 h4 37. Qf4 Qe7 38. Qh6# 1-0

[Event "21ème open inter de La Réunion"]
[Site "Salle des fêtes de Bellepierr"]
[Date "2019.10.20"]
[Round "1.10"]
[White "Eboue, Yuri"]
[Black "Mezouaghi, Miloud"]
[Result "0-1"]
[WhiteElo "1310"]
[BlackElo "2001"]
[PlyCount "82"]
[EventDate "2019.??.??"]

1. e4 c5 2. Nf3 Nc6 3. d4 cxd4 4. Nxd4 g6 5. Bc4 Bg7 6. Nxc6 bxc6 7. c3 d6 8.
Be3 Nf6 9. Nd2 O-O 10. f3 d5 11. exd5 Nxd5 12. Bxd5 cxd5 13. Nb3 a5 14. O-O a4
15. Nc5 a3 16. Qb3 axb2 17. Qxb2 Qa5 18. Bd4 e5 19. Bf2 Bf5 20. Rfd1 Rab8 21.
Nb3 Qb5 22. Rd2 Rfd8 23. Re1 h5 24. Bg3 Re8 25. Red1 Rbd8 26. Nc1 Qxb2 27. Rxb2
e4 28. fxe4 dxe4 29. Rxd8 Rxd8 30. Rb8 Rxb8 31. Bxb8 Bxc3 32. Kf2 Be6 33. Ke3
f5 34. Bf4 Kf7 35. Nb3 Ke7 36. Bg5+ Kd6 37. Bf4+ Be5 38. Bxe5+ Kxe5 39. Nc1 f4+
40. Kd2 Bc4 41. Kc3 Bf1 0-1

[Event "21ème open inter de La Réunion"]
[Site "Salle des fêtes de Bellepierr"]
[Date "2019.10.20"]
[Round "1.11"]
[White "Dijoux, Julien"]
[Black "Folio, Pierre"]
[Result "1-0"]
[WhiteElo "1891"]
[BlackElo "1246"]
[PlyCount "57"]
[EventDate "2019.??.??"]

1. e4 e6 2. d4 d5 3. exd5 exd5 4. c4 Nf6 5. Nc3 Bb4 6. Bd3 O-O 7. Nge2 dxc4 8.
Bxc4 Ne4 9. O-O Nxc3 10. bxc3 Bd6 11. Ng3 Nc6 12. Qh5 Qf6 13. Ne4 Qf5 14. Qxf5
Bxf5 15. Nxd6 cxd6 16. Bd5 Be6 17. Bf3 d5 18. Rb1 b6 19. Be3 Rac8 20. c4 Ne7
21. Bg5 f6 22. Rbe1 Rc6 23. Bc1 Kh8 24. Ba3 Rxc4 25. Bxe7 Re8 26. Rxe6 Rxd4 27.
Bxf6 Rxe6 28. Bxd4 Kg8 29. Bxd5 1-0

[Event "21ème open inter de La Réunion"]
[Site "Salle des fêtes de Bellepierr"]
[Date "2019.10.20"]
[Round "1.12"]
[White "Gallais, Flavien"]
[Black "Randriambololona, Herimanjatosoa"]
[Result "0-1"]
[WhiteElo "1236"]
[BlackElo "1886"]
[PlyCount "58"]
[EventDate "2019.??.??"]

1. e4 e5 2. Nf3 Nc6 3. d4 exd4 4. Nxd4 Bc5 5. Nxc6 bxc6 6. Bc4 Qf6 7. O-O Ne7
8. Qh5 d6 9. Bg5 Qg6 10. Qh4 Be6 11. Bxe6 Qxe6 12. Bxe7 Qxe7 13. Qxe7+ Kxe7 14.
Nc3 Rab8 15. b3 Bd4 16. Nd5+ cxd5 17. Rad1 c5 18. exd5 Kd7 19. c4 Rhe8 20. Rfe1
Bc3 21. Re3 Rxe3 22. fxe3 Re8 23. Rf1 f6 24. Rf3 a5 25. Rg3 g6 26. Kf2 Ke7 27.
Rf3 Kf7 28. e4 h5 29. Rf4 Be5 0-1

[Event "21ème open inter de La Réunion"]
[Site "Salle des fêtes de Bellepierr"]
[Date "2019.10.20"]
[Round "1.12"]
[White "Gallais, Flavien"]
[Black "Randriambololona, Herimanjatosoa"]
[Result "0-1"]
[WhiteElo "1236"]
[BlackElo "1886"]
[PlyCount "58"]
[EventDate "2019.??.??"]

1. e4 e5 2. Nf3 Nc6 3. d4 exd4 4. Nxd4 Bc5 5. Nxc6 bxc6 6. Bc4 Qf6 7. O-O Ne7
8. Qh5 d6 9. Bg5 Qg6 10. Qh4 Be6 11. Bxe6 Qxe6 12. Bxe7 Qxe7 13. Qxe7+ Kxe7 14.
Nc3 Rab8 15. b3 Bd4 16. Nd5+ cxd5 17. Rad1 c5 18. exd5 Kd7 19. c4 Rhe8 20. Rfe1
Bc3 21. Re3 Rxe3 22. fxe3 Re8 23. Rf1 f6 24. Rf3 a5 25. Rg3 g6 26. Kf2 Ke7 27.
Kf3 Kf7 28. e4 h5 29. Kf4 Be5+ 0-1

[Event "21ème open inter de La Réunion"]
[Site "Salle des fêtes de Bellepierr"]
[Date "2019.10.20"]
[Round "1.13"]
[White "Rebut, Paul"]
[Black "Sandjivy, Jean Marc"]
[Result "1-0"]
[WhiteElo "1863"]
[BlackElo "1218"]
[PlyCount "39"]
[EventDate "2019.??.??"]

1. g4 d5 2. Bg2 Bxg4 3. c4 Nf6 4. Qb3 Bc8 5. cxd5 c6 6. Nc3 e6 7. dxe6 fxe6 8.
Nf3 Bc5 9. Bh3 Qe7 10. d4 Bb6 11. Rg1 c5 12. d5 Ba5 13. Qa4+ Qd7 14. Qxa5 Nxd5
15. Qxc5 Ne7 16. Rxg7 Na6 17. Qh5+ Kd8 18. Bg5 Re8 19. Ne5 Qc7 20. Nf7+ 1-0

[Event "21ème open inter de La Réunion"]
[Site "Salle des fêtes de Bellepierr"]
[Date "2019.10.20"]
[Round "1.14"]
[White "Buchle, Philippe"]
[Black "Triton, Maxime"]
[Result "0-1"]
[WhiteElo "1199"]
[BlackElo "1835"]
[PlyCount "72"]
[EventDate "2019.??.??"]

1. d4 Nf6 2. c4 g6 3. Nc3 Bg7 4. e4 O-O 5. e5 Ne8 6. h4 c5 7. h5 cxd4 8. Qxd4
e6 9. Nf3 Nc6 10. Qe3 d6 11. h6 Bh8 12. exd6 Nxd6 13. Bd3 Nf5 14. Qe2 Ncd4 15.
Qe4 Bd7 16. Ne5 Bc6 17. Nxc6 bxc6 18. b3 Nxb3 19. Bb2 Nc5 20. Qe2 Nxd3+ 21. Kf1
Nxb2 22. Qxb2 Qd3+ 23. Kg1 Qxc3 24. Qxc3 Bxc3 25. Rc1 Be5 26. g3 Rfd8 27. Re1
Bc7 28. Kg2 Rd2 29. a4 Nxg3 30. Rh3 Nh5 31. c5 Nf4+ 32. Kg3 Nd3+ 33. Kg2 Nxe1+
34. Kf1 Nd3 35. Rf3 Rb8 36. Kg2 Ne1+ 0-1

[Event "21ème open inter de La Réunion"]
[Site "Salle des fêtes de Bellepierr"]
[Date "2019.10.20"]
[Round "1.15"]
[White "Evrin, Selvam"]
[Black "Folio, Thomas"]
[Result "1-0"]
[WhiteElo "1788"]
[BlackElo "1199"]
[PlyCount "91"]
[EventDate "2019.??.??"]

1. e4 e6 2. d4 d5 3. Nc3 Nf6 4. e5 Nfd7 5. f4 c5 6. Nf3 Nc6 7. Be3 Qb6 8. Na4
Qa5+ 9. c3 cxd4 10. b4 Qc7 11. Nxd4 Nxd4 12. Bxd4 Be7 13. Bd3 a6 14. O-O b5 15.
Nb2 O-O 16. a4 bxa4 17. Qe2 Bb7 18. Rxa4 a5 19. b5 Nc5 20. Ra2 a4 21. Bc2 a3
22. Nd1 f6 23. Qh5 f5 24. Rf3 g6 25. Qh6 Ne4 26. Rh3 Rf7 27. Bxe4 dxe4 28. Ne3
Bc5 29. Nc2 Bd5 30. Ra1 a2 31. Qh4 Bb3 32. Qf2 Bxc2 33. Bxc5 Bb1 34. b6 Qc6 35.
Bd4 Rd7 36. Rg3 Rb8 37. h4 Qa4 38. Kh2 Bc2 39. h5 Kg7 40. hxg6 hxg6 41. Rh3
Rdd8 42. Qh4 Kf7 43. Qf6+ Ke8 44. Qxe6+ Kf8 45. Rh8+ Kg7 46. Qf6# 1-0

[Event "21ème open inter de La Réunion"]
[Site "Salle des fêtes de Bellepierr"]
[Date "2019.10.20"]
[Round "1.16"]
[White "Parame, Bruno"]
[Black "Goorsahye, Antoine"]
[Result "0-1"]
[WhiteElo "1199"]
[BlackElo "1786"]
[PlyCount "58"]
[EventDate "2019.??.??"]

1. d4 d5 2. Nf3 Nf6 3. Nc3 Bf5 4. e3 e6 5. Be2 Bb4 6. Bd2 O-O 7. a3 Bd6 8. b4
a5 9. b5 a4 10. Ne5 Bxe5 11. dxe5 Nfd7 12. Bf3 Nxe5 13. e4 Nxf3+ 14. Qxf3 dxe4
15. Nxe4 Qd4 16. Ng3 Qxa1+ 17. Qd1 Qxd1+ 18. Kxd1 Nd7 19. Bb4 Rfe8 20. Re1 Rad8
21. Ke2 Bxc2 22. Kf1 Nf6 23. Ke2 Bd3+ 24. Kf3 Bxb5 25. Re5 Rd3+ 26. Ke2 Rd5+
27. Kf3 Rxe5 28. Bc3 Rd5 29. h3 Rd3+ 0-1

[Event "21ème open inter de La Réunion"]
[Site "Salle des fêtes de Bellepierr"]
[Date "2019.10.20"]
[Round "1.17"]
[White "Larmet, Nino"]
[Black "Leliboux, Thais"]
[Result "1-0"]
[WhiteElo "1738"]
[BlackElo "1181"]
[PlyCount "121"]
[EventDate "2019.??.??"]

1. e4 e5 2. Nf3 Nc6 3. Bb5 Nf6 4. d3 Bc5 5. O-O O-O 6. c3 a6 7. Bxc6 bxc6 8.
Nxe5 Re8 9. Nf3 d5 10. e5 Nd7 11. d4 Be7 12. Re1 c5 13. Bf4 cxd4 14. Nxd4 c5
15. Nf5 Nb6 16. Nd6 Bxd6 17. exd6 Be6 18. Nd2 Nc8 19. Qa4 Bd7 20. Qa3 Qb6 21.
Rxe8+ Bxe8 22. Nb3 Nxd6 23. Qxc5 Qxc5 24. Nxc5 Nf5 25. Re1 Bb5 26. Re5 Re8 27.
Rxe8+ Bxe8 28. Nxa6 Bb5 29. Nb4 d4 30. Bd2 h5 31. f3 f6 32. Kf2 d3 33. b3 g5
34. c4 Bd7 35. Nxd3 Kf7 36. Bc3 Nd6 37. Ke2 Bc6 38. a4 Ke7 39. Bb4 Kd7 40. Bxd6
Kxd6 41. Ke3 Bd7 42. g3 f5 43. f4 g4 44. Kd4 Kc6 45. Ne5+ Kc7 46. Nxd7 Kxd7 47.
Kd5 Kc7 48. a5 Kb7 49. b4 Kc7 50. c5 Kb7 51. Kd6 Ka7 52. Kd7 Kb7 53. c6+ Ka6
54. c7 Kb5 55. c8=Q Ka4 56. a6 Kxb4 57. a7 Kb5 58. a8=Q Kb4 59. Qab7+ Ka4 60.
Qc5 h4 61. Qbb5# 1-0

[Event "21ème open inter de La Réunion"]
[Site "Salle des fêtes de Bellepierr"]
[Date "2019.10.20"]
[Round "1.18"]
[White "Sandjivy, Yann"]
[Black "De Peindray D'Ambell, Philippe"]
[Result "0-1"]
[WhiteElo "1120"]
[BlackElo "1724"]
[PlyCount "50"]
[EventDate "2019.??.??"]

1. e4 c5 2. Nc3 g6 3. Nf3 Bg7 4. d4 cxd4 5. Nxd4 Nc6 6. Nxc6 bxc6 7. Qd2 Nf6 8.
Bc4 O-O 9. O-O Qc7 10. Qe2 d6 11. Ba6 Bg4 12. Qe3 Nd7 13. Be2 Be6 14. Re1 a5
15. f3 a4 16. a3 Rfb8 17. Bd3 c5 18. f4 Bd4 19. Nb5 Bxe3+ 20. Rxe3 Qb6 21. b3
axb3 22. cxb3 Bxb3 23. Rb1 c4 24. Rxb3 cxb3 25. Bc4 b2 0-1

[Event "21ème open inter de La Réunion"]
[Site "Salle des fêtes de Bellepierr"]
[Date "2019.10.20"]
[Round "1.19"]
[White "Bah, Ismael"]
[Black "Bosi-Lagarde, Arthur"]
[Result "1-0"]
[WhiteElo "1660"]
[BlackElo "1100"]
[PlyCount "61"]
[EventDate "2019.??.??"]

1. b4 e6 2. Bb2 Nf6 3. a3 b6 4. e3 Bb7 5. Nf3 d5 6. d4 Be7 7. Nbd2 Nbd7 8. c4
O-O 9. cxd5 Bxd5 10. Be2 Ng4 11. h3 Ngf6 12. O-O c5 13. bxc5 bxc5 14. Ne5 Qb6
15. Bc3 Nxe5 16. dxe5 Nd7 17. Rb1 Qc7 18. f4 Bh4 19. Nf3 Bg3 20. Be1 Bxe1 21.
Rxe1 Nb6 22. Qc2 f5 23. Rec1 c4 24. Qc3 Qc5 25. Nd4 Rab8 26. Rb5 Qc7 27. Bf3
Rfe8 28. Kf2 Na4 29. Qb4 Rxb5 30. Qxb5 Nc5 31. Qxe8# 1-0

[Event "21ème open inter de La Réunion"]
[Site "Salle des fêtes de Bellepierr"]
[Date "2019.10.20"]
[Round "1.19"]
[White "Bah, Ismael"]
[Black "Bosi-Lagarde, Arthur"]
[Result "1-0"]
[WhiteElo "1660"]
[BlackElo "1100"]
[PlyCount "61"]
[EventDate "2019.??.??"]

1. b4 e6 2. Bb2 Nf6 3. a3 b6 4. e3 Bb7 5. Nf3 d5 6. d4 Be7 7. Nbd2 Nbd7 8. c4
O-O 9. cxd5 Bxd5 10. Be2 Ng4 11. h3 Ngf6 12. O-O c5 13. bxc5 bxc5 14. Ne5 Qb6
15. Bc3 Nxe5 16. dxe5 Nd7 17. f4 Bh4 18. Nf3 Bg3 19. Be1 Bxe1 20. Rxe1 Qc7 21.
Qc2 f5 22. Rec1 c4 23. Qc3 Qc5 24. Rab1 Rab8 25. Nd4 Nb6 26. Rb5 Qc7 27. Bf3
Rfe8 28. Kf2 Na4 29. Qb4 Rxb5 30. Qxb5 Nc5 31. Qxe8# 1-0

[Event "21ème open inter de La Réunion"]
[Site "Salle des fêtes de Bellepierr"]
[Date "2019.10.20"]
[Round "1.20"]
[White "Alleman, Robin"]
[Black "Dace, Jean Emeric"]
[Result "0-1"]
[WhiteElo "1098"]
[BlackElo "1654"]
[PlyCount "46"]
[EventDate "2019.??.??"]

1. d4 d5 2. Bf4 e6 3. Nf3 Nf6 4. Nc3 a6 5. e3 Be7 6. Bd3 Nbd7 7. O-O Nh5 8. Be5
Nxe5 9. Nxe5 g6 10. a3 O-O 11. b4 Bd7 12. Rb1 Ng7 13. a4 c6 14. Nxd7 Qxd7 15.
b5 axb5 16. axb5 c5 17. dxc5 Bxc5 18. Be2 Qc7 19. Qd3 Ra3 20. b6 Qe7 21. Rb2
Rd8 22. Qd2 d4 23. Nb5 dxe3 0-1

[Event "21ème open inter de La Réunion"]
[Site "Salle des fêtes de Bellepierr"]
[Date "2019.10.20"]
[Round "1.21"]
[White "Pun Chung, Leo"]
[Black "Cavillot-Delestage, Raphael"]
[Result "1-0"]
[WhiteElo "1654"]
[BlackElo "1056"]
[PlyCount "63"]
[EventDate "2019.??.??"]

1. e4 e5 2. Bc4 Nc6 3. Nf3 Bc5 4. b4 Bxb4 5. c3 Bc5 6. d4 exd4 7. cxd4 Bb4+ 8.
Bd2 Be7 9. Qb3 d5 10. exd5 Nxd4 11. Nxd4 Bf6 12. Bc3 Qe7+ 13. Ne2 Bxc3+ 14.
Nbxc3 Nf6 15. O-O O-O 16. Nd4 b6 17. Nc6 Qd6 18. Nb5 Qf4 19. Ne7+ Kh8 20. Nxc8
Rfxc8 21. h3 a6 22. Nc3 b5 23. Be2 b4 24. Nd1 Re8 25. Ne3 Ne4 26. Qxb4 Rab8 27.
Qd4 a5 28. f3 Rb4 29. Bc4 Qh4 30. fxe4 Rxe4 31. Rxf7 Qe7 32. Qxg7# 1-0

[Event "21ème open inter de La Réunion"]
[Site "Salle des fêtes de Bellepierr"]
[Date "2019.10.20"]
[Round "1.22"]
[White "Mohamed, Keziah"]
[Black "Desire, Michael"]
[Result "0-1"]
[WhiteElo "1033"]
[BlackElo "1652"]
[PlyCount "52"]
[EventDate "2019.??.??"]

1. d4 Nf6 2. e3 d5 3. Bd3 c5 4. c3 Nc6 5. f4 e6 6. Nd2 Bd6 7. Ngf3 O-O 8. O-O
b6 9. Ne5 Bb7 10. Qf3 Qe7 11. g4 Ne8 12. Bxh7+ Kxh7 13. Qh3+ Kg8 14. Ndf3 Bxe5
15. fxe5 f6 16. Nh4 Qf7 17. g5 Qh5 18. g6 Nc7 19. exf6 Rxf6 20. Rxf6 gxf6 21.
Bd2 Kg7 22. Nf5+ Kxg6 23. Nh4+ Kf7 24. Rf1 Rh8 25. Be1 Ne7 26. Qg3 Rg8 0-1

[Event "21ème open inter de La Réunion"]
[Site "Salle des fêtes de Bellepierr"]
[Date "2019.10.20"]
[Round "1.23"]
[White "Rajaobelina, Hery"]
[Black "Alex-Geerjanan, Nils"]
[Result "1-0"]
[WhiteElo "1625"]
[BlackElo "1009"]
[PlyCount "43"]
[EventDate "2019.??.??"]

1. e4 e5 2. Nf3 Nc6 3. Bb5 a6 4. Ba4 b5 5. Bb3 a5 6. c3 b4 7. O-O Nf6 8. Re1
Bc5 9. d4 exd4 10. cxd4 Bb6 11. e5 Ng4 12. h3 Nh6 13. Bg5 Ne7 14. Nbd2 Nhf5 15.
Ne4 O-O 16. g4 d5 17. exd6 Nxd6 18. Nxd6 Qxd6 19. Bxe7 Qd7 20. Bxf8 Kxf8 21.
Ba4 Qd6 22. Re8# 1-0

[Event "21ème open inter de La Réunion"]
[Site "Salle des fêtes de Bellepierr"]
[Date "2019.10.20"]
[Round "1.24"]
[White "Erudel, Irina"]
[Black "Frelicot, Eric"]
[Result "0-1"]
[WhiteElo "1009"]
[BlackElo "1609"]
[PlyCount "66"]
[EventDate "2019.??.??"]

1. e4 c5 2. Bc4 e6 3. Nf3 Nc6 4. Nc3 a6 5. d3 b5 6. Bb3 Bb7 7. e5 d5 8. Bg5 Be7
9. Bf4 c4 10. dxc4 dxc4 11. Qe2 cxb3 12. axb3 Bb4 13. Rd1 Qc7 14. O-O Bxc3 15.
bxc3 Nge7 16. Rd6 O-O 17. Rd3 Ng6 18. Bg3 Nce7 19. Rfd1 Rad8 20. Re3 Nf5 21.
Ng5 Rxd1+ 22. Qxd1 Nxe3 23. Qh5 h6 24. Nf3 Bxf3 25. Qxf3 Nf5 26. h3 Nxg3 27.
Qxg3 Rd8 28. f4 Rd1+ 29. Kf2 Qd7 30. f5 exf5 31. Qe3 Rd2+ 32. Kf3 Qd5+ 33. Kg3
Qxg2# 0-1

[Event "21ème open inter de La Réunion"]
[Site "Salle des fêtes de Bellepierr"]
[Date "2019.10.20"]
[Round "1.25"]
[White "Fondrat, Johan"]
[Black "Erudel, Maeva"]
[Result "1-0"]
[WhiteElo "1541"]
[BlackElo "1009"]
[PlyCount "123"]
[EventDate "2019.??.??"]

1. e4 e6 2. d4 d5 3. exd5 exd5 4. Bd3 Bd6 5. Nf3 Nf6 6. O-O O-O 7. Bg5 h6 8.
Bh4 c6 9. Re1 Nbd7 10. Nbd2 Qc7 11. c3 b6 12. Qc2 Bb7 13. a4 c5 14. Nf1 Rfe8
15. Bg3 Rxe1 16. Rxe1 Bxg3 17. Nxg3 Rc8 18. Nf5 Nf8 19. Ne7+ Kh8 20. Nxc8 Bxc8
21. Qe2 Ne6 22. Bf5 Qd7 23. Bxe6 fxe6 24. Qb5 Qxb5 25. axb5 Kg8 26. Ra1 Bd7 27.
Rxa7 Bxb5 28. dxc5 bxc5 29. Ra5 Be2 30. Rxc5 Bxf3 31. gxf3 Kf7 32. b4 Nd7 33.
Rc7 Ke8 34. b5 Ke7 35. Kg2 Kd6 36. Ra7 Nb6 37. Rxg7 Kc5 38. Re7 Kd6 39. Rh7 Na4
40. Rxh6 Nxc3 41. b6 d4 42. b7 Kc7 43. Rxe6 Kxb7 44. Rd6 Nb5 45. Re6 d3 46. Re1
Nc3 47. h4 d2 48. Rh1 d1=Q 49. Rxd1 Nxd1 50. h5 Kc6 51. h6 Kd5 52. h7 Kd4 53.
h8=Q+ Kc5 54. Qa1 Nxf2 55. Kxf2 Kd5 56. Ke3 Kc5 57. Qd4+ Kc6 58. Ke4 Kc7 59.
Kd5 Kd7 60. Qg7+ Kc8 61. Kc6 Kb8 62. Qb7# 1-0

[Event "21ème open inter de La Réunion"]
[Site "Salle des fêtes de Bellepierr"]
[Date "2019.10.20"]
[Round "1.26"]
[White "Khantalina, Ilariya"]
[Black "Padre, Maxime"]
[Result "0-1"]
[WhiteElo "1009"]
[BlackElo "1512"]
[PlyCount "26"]
[EventDate "2019.??.??"]

1. e4 d5 2. exd5 Nf6 3. Bc4 Nxd5 4. Bxd5 Qxd5 5. Nf3 Bg4 6. Nc3 Qh5 7. O-O Nc6
8. d3 Nd4 9. Be3 Nxf3+ 10. gxf3 Bxf3 11. Ne2 Bxe2 12. Qe1 Qg4+ 13. Kh1 Bf3# 0-1

[Event "21ème open inter de La Réunion"]
[Site "Salle des fêtes de Bellepierr"]
[Date "2019.10.20"]
[Round "2.1"]
[White "Goorsahye, Antoine"]
[Black "Gimenez Martinez, Alberto"]
[Result "0-1"]
[WhiteElo "1786"]
[BlackElo "2225"]
[PlyCount "40"]
[EventDate "2019.??.??"]

1. d4 Nf6 2. c4 e6 3. g3 d5 4. Bg2 dxc4 5. Nf3 Nbd7 6. Qa4 a6 7. Qxc4 b5 8. Qc2
Bb7 9. O-O c5 10. dxc5 Bxc5 11. Rd1 Rc8 12. Qd3 Be4 13. Qb3 Bc2 14. Qxc2 Bxf2+
15. Kxf2 Rxc2 16. Ne5 Rxc1 17. Rxc1 Nxe5 18. Nc3 Qd4+ 19. Kf1 Nfg4 20. Ne4 Ne3+
0-1

[Event "21ème open inter de La Réunion"]
[Site "Salle des fêtes de Bellepierr"]
[Date "2019.10.20"]
[Round "2.3"]
[White "De Peindray D'Ambell, Philippe"]
[Black "Rodier, David"]
[Result "0-1"]
[WhiteElo "1724"]
[BlackElo "2161"]
[PlyCount "70"]
[EventDate "2019.??.??"]

1. e4 c5 2. Nc3 Nc6 3. f4 e6 4. Nf3 d5 5. Bb5 Nge7 6. exd5 exd5 7. Qe2 Qd6 8.
d4 c4 9. Qe5 Qxe5+ 10. Nxe5 f6 11. Nxc6 bxc6 12. Ba4 Bd7 13. O-O Nf5 14. Re1+
Kd8 15. Ne2 c5 16. Bxd7 Kxd7 17. Rd1 cxd4 18. g4 Bc5 19. Kf1 Nd6 20. Nxd4 h5
21. g5 fxg5 22. Nf3 g4 23. Ng5 Kc6 24. Bd2 Rhe8 25. Re1 Bd4 26. Bc3 Bxc3 27.
bxc3 Nb5 28. Ne6 g6 29. Re3 Kd6 30. Rae1 Nxc3 31. Ng5 Ne4 32. Nf7+ Ke6 33. Ne5
Kf5 34. Kg2 Kxf4 35. Nxg6+ Kg5 0-1